00410nam a22001337a 450000500170000000800410001705000170005810000200007524500690009525000130016426000480017730000180022550000330024320250308183159.0250308b |||||||| |||| 00| 0 eng d aKF1030b.S43 aJoshi, Data Ram aBasic Elements of Banking Rules and RegulationscJoshi, Data Ram a1st ed.  aNew Delhi ;bCyber Tech Publicationscc2010 aiii, 244 p, ; aContains bibliography, index